Statistiche per Stati dove il Tedesco è Lingua ufficiale

Clicka qui per fare il quiz!

Statistiche generali

  • Questo quiz è stato fatto 8 volte
  • Il punteggio medio è 6 su 6

Statistiche sulle risposte

Numero madrelinguaContinenteNazione% Corretto
8 040 960EuropaAustria
100%
75 101 421EuropaGermania
100%
5 329 393EuropaSvizzera
100%
73 000EuropaBelgio
88%
11 000EuropaLussemburgo
88%
32 075EuropaLiechtenstein
75%

Distribuzione punteggi

Percentile per numero di risposta

Percentuale di utenti per punteggio

I tuoi punteggi nel tempo

Non hai fatto questo quiz